000 00621nam a2200205 i 4500
001 141867
003 ES-MaACL
005 20250811035855.0
007 t|
008 070928s1941 sp ||||1| spa d
080 _a9(46)"15/16"(041)
080 _a321(46)"15/16"(041)
100 1 _aViñas y Mey, Carmelo
_9115384
245 1 0 _aImperio y Estado en la España del Siglo de Oro /
_cCarmelo Viñas y Mey.
260 _aMadrid :
_b[s.n.],
_c1941.
300 _a26 p. ;
_c24 cm.
651 7 _aEspaña-
_xPolítica y gobierno-
_y1516-1700
_2
_9171477
852 _aES-MaACL
_j1831-F-3
999 _c141867
_d141867